zpět

Detail výsledku týmu

Pěkná brynda ST, Beroun

Datum a čas kvízu

17.5 Celkem bodů Celkový počet nahraných bodů na tomto kvízu bez doplňovacích otázek.
5. Pořadí na kvízu Konečné umístění týmu na tomto kvízu.

Zaznamenané odpovědi

# Otázka Odpověď Body Výsledky
1. Sociální demokraté si novým šé... 0
2. Nejmladší evropský stát Kosovo... 0
3. Novou soškou lva inspirovanou... 1
4. Mimořádná valná hromada jedné... 0
5. Senzační zlatá medaile Ester L... 1
6. Která slavná americká kapela n... 1
7. Kdo bývá v řecké mytologii ozn... 0
8. Který z těchto výrobků nepatří... 1
9. Orion je kosmická loď vyvíjená... 0
10. Odrůda jablek Orion byla vyšle... 1